Human development

This long-trusted text features an interdisciplinary, cross-cultural, and contextual perspective on development. Applications to psychology, health care, social work, education, and family dynamics make this a perfect book for classes with a mixed population of majors

में बचाया:
ग्रंथसूची विवरण
मुख्य लेखक: Crandell, Thomas L.
स्वरूप: पुस्तक
भाषा:Undetermined
प्रकाशित: New York McGraw Hill 2012
विषय:
टैग : टैग जोड़ें
कोई टैग नहीं, इस रिकॉर्ड को टैग करने वाले पहले व्यक्ति बनें!
Thư viện lưu trữ: Trung tâm Học liệu Trường Đại học Cần Thơ
LEADER 00885nam a2200205Ia 4500
001 CTU_209907
008 210402s9999 xx 000 0 und d
020 |c 229.50 
082 |a 155 
082 |b C891 
100 |a Crandell, Thomas L. 
245 0 |a Human development 
245 0 |c Thomas L. Crandell, Corinne Haines Crandell, James W. Vander Zanden 
260 |a New York 
260 |b McGraw Hill 
260 |c 2012 
520 |a This long-trusted text features an interdisciplinary, cross-cultural, and contextual perspective on development. Applications to psychology, health care, social work, education, and family dynamics make this a perfect book for classes with a mixed population of majors 
650 |a Tâm lý học phát triển,Development psychology 
904 |i Huỳnh Nhựt Tân, Tuyến 
980 |a Trung tâm Học liệu Trường Đại học Cần Thơ